=LDR 00000nam 2200000 4500 =001 INLIS000000000013512 =005 20130612104908 =008 ***********************************Ind** =035 ##$$0010-061300000013512 =041 ##$$a Ind =082 ##$$a 362.7 =090 ##$$a 362.7, Baz g =100 ##$$a Baz, Abdul Aziz =245 ##$$a Gane atau murahan, Abdul Aziz Baz =260 ##$$a 2004 $b Yogyakarta =300 ##$$a 159 hlm, 20 cm =650 ##$$a Remaja - Aspek sosial =850 ##$$a NBPNMAT